000 00822cam a22002891 4500
001 gs 49000119
003 DLC
005 20260227111355.0
008 790220s1948 ksua b s000 0 eng c
010 _ags 49000119
035 _a(OCoLC)4672691
040 _aU.S. Geol. Survey. Libr.
_cNbWayS
_dOCoLC
_dK
_dDLC
042 _apremarc
050 0 0 _aQE445
_b.K3
082 _a552
086 0 _aE 54.2:R 683/1948
_2ksdocs
110 2 _aKansas Geological Survey
245 1 0 _aKansas rocks and minerals
_c[by] Laura Lu Tolsted and Ada Swineford.
260 _aLawrence
_c[1948]
300 _a54 p.
_billus.
_c22 cm.
500 _aCover title.
504 _a"References": p. 50.
650 0 _aPetrology
_zKansas.
650 0 _aMineralogy
_zKansas.
700 1 _aTolsted, Laura Lu.
700 1 _aSwineford, Ada,
_d1917-
999 _c28365
_d28365